Library of the University of Algiers 3
Ibrahim Sultan Cheibout
شعار جامعة الجزائر 3
مكتبة جامعة الجزائر 3
إبراهيم سلطان شيبوط

اقتصاديات النقود والبنوك : (رقم التسجيلة. 43292)

تفاصيل مارك
000 -LEADER
fixed length control field 01746nam a2200229Ia 4500
003 - CONTROL NUMBER IDENTIFIER
control field Ost
005 - DATE AND TIME OF LATEST TRANSACTION
control field 20260507075140.0
008 - FIXED-LENGTH DATA ELEMENTS--GENERAL INFORMATION
fixed length control field 260507s9999||||xx |||||||||||||| ||und||
040 ## - CATALOGING SOURCE
Transcribing agency fsecg
041 ## - LANGUAGE CODE
Language code of text/sound track or separate title ara
082 ## - DEWEY DECIMAL CLASSIFICATION NUMBER
Classification number 330
100 ## - MAIN ENTRY--PERSONAL NAME
Personal name عبد الحميد، عبد المطلب
Relator term مؤلف
245 #0 - TITLE STATEMENT
Title اقتصاديات النقود والبنوك :
Remainder of title الأساسيات والمستحدثات /
Statement of responsibility, etc. عبد المطلب عبد الحميد
260 ## - PUBLICATION, DISTRIBUTION, ETC.
Place of publication, distribution, etc. الاسكندرية:
Name of publisher, distributor, etc. الدار الجامعية,
Date of publication, distribution, etc. 2009
300 ## - PHYSICAL DESCRIPTION
Extent 410 صفحة؛
Other physical details إيضاحات ؛
Dimensions 24 سم
504 ## - BIBLIOGRAPHY, ETC. NOTE
Bibliography, etc. note المراجع ص.405
520 ## - SUMMARY, ETC.
Summary, etc. النقود والبنوك وعلاقتها بالإقتصاد والنشاط الإقتصادي- التعريف بالنقود وتطورها ووظائفها- أنواع النقود وإقتصادياتها- التعريف بالبنوك وأنواعها ووظائفها- الإئتمان المصرفي وأهدافه وأنواعه ومخاطره- إقتصاديات البنوك التجارية- الإدارة المصرفية لموارد وإستخدمات البنك التجاري للموازنة- البنوك التجارية وخلق النقود- السياسة النقدية- النظرية الكلاسيكية والحديثة والمعاصرة- التضخم أنواعه، أسبابه وآثاره- النظام النقدي الدولي والمؤسسات النقدية والمصرفية الدولية- مقررات ومعايير لجنة بازل المصرفية لإدارة المخاطر والإصلاح المصرفي
653 ## - INDEX TERM--UNCONTROLLED
Uncontrolled term إقتصاديات -النقود
653 ## - INDEX TERM--UNCONTROLLED
Uncontrolled term السياسة النقدية
653 ## - INDEX TERM--UNCONTROLLED
Uncontrolled term النقود والبنوك
942 ## - ADDED ENTRY ELEMENTS (KOHA)
Koha item type كتب
المقتنيات
Withdrawn status Lost status Source of classification or shelving scheme Damaged status Not for loan Home library Current library Date acquired Serial enumeration / chronology Inventory number Total checkouts Full call number Barcode Date last seen Price effective from Koha item type
    Dewey Decimal Classification   NOT LOAN / إعارة داخلية مكتبة كلية العلوم الإقتصادية والعلوم التجارية وعلوم التسيير مكتبة كلية العلوم الإقتصادية والعلوم التجارية وعلوم التسيير 07/05/2026 الطابق الأرضي 12020   أ/3319ن1 12020 07/05/2026 07/05/2026 كتب
    Dewey Decimal Classification   Available مكتبة كلية العلوم الإقتصادية والعلوم التجارية وعلوم التسيير مكتبة كلية العلوم الإقتصادية والعلوم التجارية وعلوم التسيير 07/05/2026 الطابق الأرضي 12021   أ/3319ن2 12021 07/05/2026 07/05/2026 كتب
    Dewey Decimal Classification   Available مكتبة كلية العلوم الإقتصادية والعلوم التجارية وعلوم التسيير مكتبة كلية العلوم الإقتصادية والعلوم التجارية وعلوم التسيير 07/05/2026 الطابق الأرضي 12022   أ/3319ن3 12022 07/05/2026 07/05/2026 كتب
    Dewey Decimal Classification   Available مكتبة كلية العلوم الإقتصادية والعلوم التجارية وعلوم التسيير مكتبة كلية العلوم الإقتصادية والعلوم التجارية وعلوم التسيير 07/05/2026 الطابق الثاني 12023   أ/3319ن4 12023 07/05/2026 07/05/2026 كتب
    Dewey Decimal Classification   Available مكتبة كلية العلوم الإقتصادية والعلوم التجارية وعلوم التسيير مكتبة كلية العلوم الإقتصادية والعلوم التجارية وعلوم التسيير 07/05/2026 الطابق الثاني 12024   أ/3319ن5 12024 07/05/2026 07/05/2026 كتب

موارد الويب المفتوحة


© University of Algiers 3 All Rights Reserved
|
Implemented by LECHELAH Riad